100 contemporary architects = (Record no. 16511)
[ view plain ]
| 000 -LEADER | |
|---|---|
| fixed length control field | 01226nam a22003257a 4500 |
| 003 - CONTROL NUMBER IDENTIFIER | |
| control field | EG-ScBUE |
| 005 - DATE AND TIME OF LATEST TRANSACTION | |
| control field | 20221212110726.0 |
| 008 - FIXED-LENGTH DATA ELEMENTS--GENERAL INFORMATION | |
| fixed length control field | 120222t2008 -hkae f 00010 eeng d |
| 020 ## - INTERNATIONAL STANDARD BOOK NUMBER | |
| International Standard Book Number | 3836500914 |
| 020 ## - INTERNATIONAL STANDARD BOOK NUMBER | |
| International Standard Book Number | 9783836500913 |
| 040 ## - CATALOGING SOURCE | |
| Original cataloging agency | EG-ScBUE |
| Language of cataloging | eng |
| Description conventions | rda |
| Transcribing agency | EG-ScBUE |
| Modifying agency | EG-ScBUE |
| 082 04 - DEWEY DECIMAL CLASSIFICATION NUMBER | |
| Edition number | 22 |
| Classification number | 724.6 |
| Item number | JOD |
| 100 1# - MAIN ENTRY--PERSONAL NAME | |
| 9 (RLIN) | 11732 |
| Personal name | Jodidio, Philip, |
| Relator term | author. |
| 245 10 - TITLE STATEMENT | |
| Title | 100 contemporary architects = |
| Remainder of title | 100 Zeitgenössische Architekten = 100 architectes contemporains / |
| Statement of responsibility, etc | Philip Jodidio. |
| 246 3# - VARYING FORM OF TITLE | |
| Title proper/short title | One hundred contemporary architects |
| 246 31 - VARYING FORM OF TITLE | |
| Title proper/short title | 100 Zeitgenössische Architekten |
| 246 31 - VARYING FORM OF TITLE | |
| Title proper/short title | 100 architectes contemporains |
| 264 #1 - PUBLICATION, DISTRIBUTION, ETC. (IMPRINT) | |
| Place of publication, distribution, etc | Hong Kong : |
| Name of publisher, distributor, etc | Taschen, |
| Date of publication, distribution, etc | [2008] |
| 264 #4 - PUBLICATION, DISTRIBUTION, ETC. (IMPRINT) | |
| Date of publication, distribution, etc | c2008 |
| 300 ## - PHYSICAL DESCRIPTION | |
| Extent | 2 volumes : |
| Other physical details | illustrations (chiefly color), plans ; |
| Dimensions | 31 cm |
| 500 ## - GENERAL NOTE | |
| General note | Includes index. |
| 500 ## - GENERAL NOTE | |
| General note | "A compilation of Building a new millennium and Architecture now!"--Prelim. |
| 505 0# - FORMATTED CONTENTS NOTE | |
| Formatted contents note | Volume 1. A-I -- Volume 2. J-Z. |
| 650 #7 - SUBJECT ADDED ENTRY--TOPICAL TERM | |
| 9 (RLIN) | 11582 |
| Topical term or geographic name as entry element | Architecture, Modern |
| Chronological subdivision | 20th century. |
| Source of heading or term | BUEsh |
| 650 #7 - SUBJECT ADDED ENTRY--TOPICAL TERM | |
| 9 (RLIN) | 13003 |
| Topical term or geographic name as entry element | Architecture, Modern |
| Chronological subdivision | 21st century. |
| Source of heading or term | BUEsh |
| 650 #7 - SUBJECT ADDED ENTRY--TOPICAL TERM | |
| 9 (RLIN) | 13054 |
| Topical term or geographic name as entry element | Architects |
| General subdivision | Biography. |
| Source of heading or term | BUEsh |
| 653 ## - INDEX TERM--UNCONTROLLED | |
| Arrived date list | February2012 |
| Resource For college | Engineering, Architecture |
| 655 ## - INDEX TERM--GENRE/FORM | |
| Form subdivision | Reading book |
| 942 ## - ADDED ENTRY ELEMENTS (KOHA) | |
| Source of classification or shelving scheme | Dewey Decimal Classification |
| Koha item type | Book - Borrowing |
| Withdrawn status | Lost status | Source of classification or shelving scheme | Damaged status | Not for loan | Collection code | Home library | Current library | Shelving location | Date acquired | Source of acquisition | Cost, normal purchase price | Serial Enumeration / chronology | Total Checkouts | Total Renewals | Full call number | Barcode | Date last seen | Date checked out | Price effective from | Koha item type | Public note |
|---|---|---|---|---|---|---|---|---|---|---|---|---|---|---|---|---|---|---|---|---|---|
| Dewey Decimal Classification | Alahram | Central Library | Central Library | Second Floor | 21/03/2010 | 378.00 | 30 | 5 | 20 | 724.6 JOD | 000020299 | 15/07/2025 | 04/10/2012 | 21/03/2010 | Book - Borrowing | A-I | |||||
| Dewey Decimal Classification | Alahram | Central Library | Central Library | Second Floor | 23/03/2010 | 378.00 | 30 | 3 | 724.6 JOD | 000020319 | 15/07/2025 | 16/10/2012 | 23/03/2010 | Book - Borrowing | J-Z | ||||||
| Dewey Decimal Classification | Alahram | Central Library | Central Library | Second Floor | 22/02/2012 | Purchase | 387.00 | 682 | 2 | 1 | 724.6 JOD | 000026171 | 15/07/2025 | 22/10/2012 | 22/02/2012 | Book - Borrowing | Vol. 1. A-I | ||||
| Dewey Decimal Classification | Alahram | Central Library | Central Library | Second Floor | 22/02/2012 | Purchase | 387.00 | 682 | 3 | 13 | 724.6 JOD | 000026172 | 15/07/2025 | 29/09/2016 | 22/02/2012 | Book - Borrowing | Vol. 2. J-Z. |